Statistics for Largest Cities that Contain the Letter A

Click here to take the quiz!

General Stats

  • This quiz has been taken 1,291 times
    (237 since last reset)
  • The average score is 19 of 21

Answer Stats

PopulationCity% Correct
22,200,000Cairo
99%
20,500,000Bangkok
98%
16,700,000Buenos Aires
98%
16,100,000Istanbul
98%
28,900,000Jakarta
98%
26,700,000Manila
98%
40,000,000Shanghai
98%
17,700,000Los Angeles
97%
23,000,000Sao Paulo
97%
16,200,000Tehran
96%
14,800,000Johannesburg
95%
21,400,000Lagos
95%
21,300,000Dhaka
94%
26,600,000Mumbai
92%
17,700,000Osaka
91%
15,000,000Kinshasa
90%
19,100,000Karachi
89%
67,800,000Guangzhou
87%
17,400,000Kolkata
86%
14,400,000Lahore
81%
14,500,000Xiamen
54%

Score Distribution

Percentile by Number Answered

Percent of People with Each Score

Your Score History

You have not taken this quiz since the last reset